书目信息 |
| 题名: |
家长工作锦囊
|
|
| 作者: | ;中国残联社会服务指导中心 主编 | |
| 分册: | ||
| 出版信息: | 北京 华夏出版社 2019.08 |
|
| 页数: | 172页 | |
| 开本: | 21cm | |
| 丛书名: | 脑瘫儿童引导式教育项目系列 | |
| 单 册: | ||
| 中图分类: | G760 | |
| 科图分类: | ||
| 主题词: | 残疾人--can ji ren--特殊教育--家庭教育 | |
| 电子资源: | ||
| ISBN: | 978-7-5080-9777-0 | |
| 000 | 01227nam 2200277 450 | |
| 001 | 0104125632 | |
| 005 | 20201104125713.0 | |
| 010 | @a978-7-5080-9777-0@dCNY59.00 | |
| 100 | @a20200408d2019 em y0chiy50 ea | |
| 101 | 0 | @achi |
| 102 | @aCN@b110000 | |
| 105 | @aak z 000yy | |
| 106 | @ar | |
| 200 | 1 | @a家长工作锦囊@Ajia zhang gong zuo jin nang@dParent work kit@f中国残联社会服务指导中心主编@zeng |
| 210 | @a北京@c华夏出版社@d2019.08 | |
| 215 | @a172页@c照片@d21cm | |
| 225 | 2 | @a脑瘫儿童引导式教育项目系列@Anao tan er tong yin dao shi jiao yu xiang mu xi lie |
| 314 | @a书中题个人责任者:主编郑毓君,刘宇赤,郑飞雪 | |
| 330 | @a本书可以让其他实行引导式教育的机构可以从原始计划中找出思路。这锦囊是个多姿多彩的杂汇。不过,为了便于同业入门,在表一列出使用家长锦囊的方式及时段,同时每章节前加上“编者按”,提出重点作补充。广东省残疾人康复中心推行家长工作的全年流程列于表二作为同业的参考。 | |
| 461 | 0 | @12001 @a脑瘫儿童引导式教育项目系列 |
| 510 | 1 | @aParent work kit@zeng |
| 606 | 0 | @a残疾人@Acan ji ren@x特殊教育@x家庭教育 |
| 690 | @aG760@v5 | |
| 712 | 02 | @a中国残联社会服务指导中心@Azhong guo can lian she hui fu wu zhi dao zhong xin@4主编 |
| 801 | 0 | @aCN@bBJSZM@c20201104 |
| 905 | @b1261171-5@dG760@e158@f5 | |
| 家长工作锦囊=Parent work kit/中国残联社会服务指导中心主编.-北京:华夏出版社,2019.08 |
| 172页:照片;21cm.-(脑瘫儿童引导式教育项目系列) |
| ISBN 978-7-5080-9777-0:CNY59.00 |
| 本书可以让其他实行引导式教育的机构可以从原始计划中找出思路。这锦囊是个多姿多彩的杂汇。不过,为了便于同业入门,在表一列出使用家长锦囊的方式及时段,同时每章节前加上“编者按”,提出重点作补充。广东省残疾人康复中心推行家长工作的全年流程列于表二作为同业的参考。 |
| ● |
| 相关链接 |
|
|
|
|
正题名:家长工作锦囊
索取号:G760/158
 
预约/预借
| 序号 | 登录号 | 条形码 | 馆藏地/架位号 | 状态 | 备注 |
| 1 | 1261171 | 212611716 | 第一样本阅览室/ [索取号:G760/158] | 在馆 | |
| 2 | 1261172 | 212611725 | 教育系资料室/ [索取号:G760/158] | 在馆 | |
| 3 | 1261173 | 212611734 | 教育系资料室/ [索取号:G760/158] | 在馆 | |
| 4 | 1261174 | 212611743 | 第四借阅区/ [索取号:G760/158] | 在馆 | |
| 5 | 1261175 | 212611752 | 第四借阅区/ [索取号:G760/158] | 在馆 |